Understanding and Using English Grammar /

The book remains a developmental skills text for students of English as a second or foreign language. While focusing on grammar, it promotes the development of all language skills in a variety of ways.

Đã lưu trong:
Bibliografiske detaljer
Hovedforfatter: Azar, Betty Schrampfer.
Format: Bog
Sprog:English
Udgivet: New York : White Plains , 2001.
Udgivelse:3rd ed.
Fag:
Tags: Tilføj Tag
Ingen Tags, Vær først til at tagge denne postø!
Thư viện lưu trữ: Mạng thư viện Đại học Đà Nẵng
LEADER 01324cam a22003371a 4500
001 000035659
003 11946
005 20190731093229.0
008 160318s2001 vm 000 eng
020 |c 30000 
040 |a lnn  |c lnn  |d lnn 
041 0 |a eng 
082 1 4 |a 425  |b AZ-B 
100 1 |a Azar, Betty Schrampfer. 
245 0 0 |a Understanding and Using English Grammar /  |c Betty Schrampfer Azar. 
250 |a 3rd ed. 
260 |a New York :  |b White Plains ,  |c 2001. 
300 |a 437p. ;  |c 20.5cm. 
520 3 |a The book remains a developmental skills text for students of English as a second or foreign language. While focusing on grammar, it promotes the development of all language skills in a variety of ways. 
650 0 4 |a English language  |x Textbooks for foreign speakers. 
650 0 4 |a English language  |x Grammar  |x Problems, exercises, etc. 
OWN |a LNN 
AVA |a UDN50  |b LNN  |c English  |d 425AZ-B  |e available  |t Error 5001 Not defined in file expand_doc_bib_avail.  |f 3  |g 0  |h N  |i 0  |j AN 
999 |a From the UDN01 
AVA |a UDN50  |b LNN  |c English  |d 425AZ-B  |e available  |t Error 5001 Not defined in file expand_doc_bib_avail.  |f 3  |g 0  |h N  |i 0  |j AN 
TYP |a Monograph 
TYP |a Printed language 
980 |a Mạng thư viện Đại học Đà Nẵng